000 00946cam a2200289 a 4500
001 16130592
003 OSt
005 20240709145816.0
008 100311s2011 enka b 001 0 eng
010 _a 2010010084
020 _a9780415432030 (hbk.)
020 _a9780415432047 (pbk.)
040 _cmust
042 _apcc
050 0 0 _aBF637.C45
_bH33 2011
082 0 0 _a384 HAR 2011
_222
100 1 _aHargie, Owen.
_92198
245 1 0 _aSkilled interpersonal communication :
_bresearch, theory, and practice /
_cOwen Hargie.
250 _a5th ed.
260 _aLondon ;
_aNew York :
_bRoutledge,
_c2011.
300 _axiv, 614 p. :
_bill. ;
_c25 cm.
504 _aIncludes bibliographical references (p. 477-575) and indexes.
650 0 _aInterpersonal communication.
_910023
906 _a7
_bcbc
_corignew
_d1
_eecip
_f20
_gy-gencatlg
942 _2ddc
_cO_SHELF
999 _c9120
_d9120